[Event "Miskolc Avas op"]
[Site "Miskolc"]
[Date "1999.??.??"]
[Round "5"]
[White "Acs, Gabor"]
[Black "Toth, Daniel"]
[Result "1-0"]
[WhiteElo "2195"]
[BlackElo "2080"]

1.e4 c5 2.c3 Nf6 3.e5 Nd5 4.d4 e6 5.Nf3 cxd4 6.Qxd4 Nc6 7.Qe4 d6 8.Nbd2 Qc7
9.Nc4 dxe5 10.Nfxe5 Nxe5 11.Qxe5 Qxe5+ 12.Nxe5 a6 13.a4 Bd6 14.Nc4 Bc7 15.Ne3 Nxe3
16.Bxe3 Bd7 17.Be2 Bc6 18.O-O O-O 19.Rfd1 Rfd8 20.b3 Be5 21.Rac1 Rxd1+ 22.Bxd1 Rd8
23.Be2 f5 24.f4 Bf6 25.Kf2 Kf7 26.g3 Be4 27.b4 h6 28.h4 e5 29.Bc4+ Bd5 30.Bxd5+ Rxd5
31.c4 Rd8 32.c5 Rc8 33.Rd1 Rd8 34.Rxd8 Bxd8 35.fxe5 Ke6 36.Bd4 g5 37.hxg5 hxg5
38.b5 axb5 39.axb5 Kd5 40.Ke3 Kc4 41.g4 f4+ 42.Ke4 Kxb5 43.Kd5 Be7 44.e6 Kb4
45.c6 bxc6+ 46.Kxc6 Kc4 47.Bg1 Kd3 48.Kd7 Bb4 49.e7 Bxe7 50.Kxe7 Ke4 51.Kf6 f3
52.Kxg5 Ke5 53.Kg6 Kf4 54.g5 Kg4 55.Kf6 Kh3 56.g6 Kg2 57.Ba7 f2  1-0

[Event "GER-chJMF"]
[Site "Neumuenster"]
[Date "1999.??.??"]
[Round "?"]
[White "Zumsande, Martin"]
[Black "Peschlow, Patrick"]
[Result "1-0"]
[WhiteElo "2316"]
[BlackElo "2192"]

1.e4 c5 2.c3 Nf6 3.e5 Nd5 4.d4 cxd4 5.Nf3 e6 6.cxd4 b6 7.Nc3 Nxc3 8.bxc3 Qc7
9.Bd2 Bb7 10.Bd3 d6 11.O-O dxe5 12.Nxe5 Nc6 13.f4 Bd6 14.Nc4 O-O-O 15.a4 Be7
16.Qe2 g6 17.Rfb1 Rd5 18.Be4 Rh5 19.a5 bxa5 20.Ne5 Rxe5 21.fxe5 Bd8 22.Bc1 Qd7
23.Ba3 Bb6 24.Qc4 Kb8 25.Bc5 Nxe5 26.Qe2 Nc6 27.Bxb6  1-0

[Event "Nigran op 13th"]
[Site "Nigran"]
[Date "1999.??.??"]
[Round "8"]
[White "Piay Augusto, Diego"]
[Black "Torrado Quintela, Julio"]
[Result "1-0"]
[WhiteElo "2255"]
[BlackElo "2090"]

1.e4 c5 2.c3 Nf6 3.e5 Nd5 4.Bc4 Nb6 5.Bb3 Nc6 6.Nf3 g6 7.O-O Bg7 8.d4 cxd4
9.cxd4 d6 10.Bf4 dxe5 11.Nxe5 O-O 12.Nxc6 bxc6 13.Be5 Ba6 14.Re1 Qd7 15.Nc3 Bc4
16.Bxc4 Nxc4 17.Bxg7 Kxg7 18.d5 Kg8 19.dxc6 Qxc6 20.Nd5 Qb5 21.b3 Nb6 22.Nc7 Qg5
23.Nxa8 Rxa8 24.Qc1 Qg4 25.Rxe7 Nd5 26.Qc6 Rd8 27.Re8+ Rxe8 28.Qxe8+ Kg7
29.Qe5+ Nf6  1-0

[Event "RUS-ch U14"]
[Site "Nizhnij Novgorod"]
[Date "1999.??.??"]
[Round "?"]
[White "Alekseev, Evgeny"]
[Black "Gorkavij, Vadim"]
[Result "1/2-1/2"]
[WhiteElo "2300"]
[BlackElo "2265"]

1.e4 c5 2.c3 Nf6 3.e5 Nd5 4.d4 cxd4 5.Nf3 Nc6 6.Bc4 Nb6 7.Bb3 g6 8.Ng5 d5
9.exd6 e6 10.Qf3 Ne5 11.Qe4 Bg7 12.O-O O-O 13.cxd4 Nec4 14.Rd1 Nxd6 15.Qe2 Nf5
16.Nf3 Bd7 17.Nc3 Bc6 18.Bf4 Nd5 19.Bxd5 Bxd5 20.Be5 Rc8 21.Bxg7 Kxg7 22.Ne5 f6
23.Nf3 Qd7  1/2-1/2

[Event "GER-ch U16 Girls"]
[Site "Oberhof"]
[Date "1999.??.??"]
[Round "?"]
[White "Hinzmann, Maria"]
[Black "Helm, Leonie"]
[Result "0-1"]
[WhiteElo "1630"]
[BlackElo "1980"]

1.e4 c5 2.c3 Nf6 3.e5 Nd5 4.d4 cxd4 5.Nf3 Nc6 6.cxd4 d6 7.Bc4 e6 8.Bxd5 exd5
9.O-O Be7 10.Bf4 dxe5 11.dxe5 O-O 12.Nc3 d4 13.Nb5 Bc5 14.Qc2 b6 15.Ng5 d3
16.Qa4 Nd4 17.Nd6 b5 18.Nxb5 Bd7 19.Qc4 Ne2+ 20.Kh1 Nxf4 21.Qxf4 Bxb5 22.e6 fxe6
23.Qe5 Qd5 24.Qxe6+ Qxe6 25.Nxe6 Rfc8 26.Nxc5 Rxc5 27.Rfd1 Rac8 28.h3 Rc2
29.a4 Ba6 30.b4 d2 31.Kh2 Be2  0-1

[Event "GER-ch U16"]
[Site "Oberhof"]
[Date "1999.??.??"]
[Round "?"]
[White "Tydecks, Hermann"]
[Black "Ortmann, David"]
[Result "1/2-1/2"]
[WhiteElo "2010"]
[BlackElo "2135"]

1.e4 c5 2.c3 Nf6 3.e5 Nd5 4.d4 cxd4 5.Nf3 e6 6.cxd4 d6 7.a3 Nc6 8.Bd3 Bd7
9.O-O Rc8 10.Re1 dxe5 11.dxe5 Be7 12.Nbd2 Qc7 13.Nc4 Na5 14.Nd6+ Bxd6 15.exd6 Qxd6
16.Ne5 Nc6 17.Nc4 Qc7 18.Qg4 g6 19.Bh6 b5 20.Ne3 Nxe3 21.Rxe3 Ne7 22.Qd4 Rg8
23.Ree1 Qc5 24.Qxc5 Rxc5 25.Be3 Rc8 26.Bxa7 Nd5 27.Be4 Bc6 28.Rac1 Kd7 29.g3 Bb7
30.Bd3 Rxc1 31.Rxc1 Bc6 32.Bd4 Rb8 33.Be5 Rb7 34.Be4 b4 35.axb4  1/2-1/2

[Event "GER-ch U16 Girls"]
[Site "Oberhof"]
[Date "1999.??.??"]
[Round "?"]
[White "Schulte, Stefanie"]
[Black "Helm, Leonie"]
[Result "1-0"]
[WhiteElo "1685"]
[BlackElo "1980"]

1.e4 c5 2.c3 Nf6 3.e5 Nd5 4.d4 cxd4 5.cxd4 d6 6.Bc4 Nb6 7.Bb5+ Bd7 8.Bxd7+ Qxd7
9.Nf3 Nc6 10.O-O e6 11.Nc3 Be7 12.Bf4 O-O 13.Rc1 Rac8 14.Ne4 d5 15.Ng3 f6
16.Re1 Nc4 17.Qe2 fxe5 18.Bxe5 Bf6 19.Bxf6 Rxf6 20.b3 Nd6 21.Ne5 Qe8 22.Nxc6 Rxc6
23.Rxc6 Qxc6 24.Nh5 Rh6 25.Qe5 Nf5 26.g4 Rg6 27.h3 Qd6 28.Nf4 Rg5 29.Nxe6 Qxe5
30.Rxe5 Rg6 31.Nf4 Nxd4 32.Nxg6 hxg6 33.Rxd5 Ne2+ 34.Kh2  1-0

[Event "GER-ch U18"]
[Site "Oberhof"]
[Date "1999.??.??"]
[Round "4"]
[White "Haucke, Alexander"]
[Black "Schneider, Henning"]
[Result "1/2-1/2"]
[WhiteElo "2199"]
[BlackElo "2168"]

1.e4 c5 2.c3 Nf6 3.e5 Nd5 4.d4 cxd4 5.Nf3 e6 6.cxd4 b6 7.Nc3 Bb7 8.Bd3 Be7
9.O-O O-O 10.Re1 f5 11.exf6 gxf6 12.Bh6 Rf7 13.Bc4 Nxc3 14.bxc3 d5 15.Bd3 Bc8
16.c4 Nc6 17.cxd5 exd5 18.Qb1 f5 19.Bb5 Na5 20.Ne5 Rf6 21.Bg5 Re6 22.Bf4 Bf6
23.Bd3 Qe8 24.Re3 Bxe5 25.Bxe5 Nc4 26.Rg3+ Rg6 27.Bxf5 Bxf5 28.Qxf5 Qf7 29.Rxg6+ hxg6
30.Qh3 Qh7 31.Qe6+ Qf7 32.Qh3 Qh7 33.Qg4 Re8 34.Re1 Qf7 35.f4 a5 36.Qh4 Qh7
37.Qg3 Qf7 38.Qg5 a4 39.Qh4 Qh7  1/2-1/2

[Event "Olomouc Proclient op"]
[Site "Olomouc"]
[Date "1999.??.??"]
[Round "7"]
[White "Suchomel, J."]
[Black "Fiala, Jaroslav"]
[Result "1-0"]
[WhiteElo "1940"]
[BlackElo "2120"]

1.e4 c5 2.c3 Nf6 3.e5 Nd5 4.d4 cxd4 5.Nf3 Nc6 6.cxd4 e6 7.Nc3 Bb4 8.Bd2 Nxc3
9.bxc3 Be7 10.Bd3 d6 11.exd6 Qxd6 12.O-O h6 13.Qe2 Bf6 14.Rfe1 a6 15.Qe4 Kf8
16.Bf4 Qd5 17.Qe3 Qd8 18.Rad1 g5 19.Be5 Kg7 20.Bc2 b5 21.Be4 Bb7 22.Nxg5 Bxe5
23.Nxe6+ fxe6 24.dxe5 Qe7 25.Qg3+ Kf8 26.Qf3+ Qf7 27.Qxf7+ Kxf7 28.Rd7+ Ne7
29.Rxb7 Rac8 30.Re3 Rhd8 31.g3 Rd1+ 32.Kg2 Rc1 33.Bg6+ Kxg6 34.Rxe7 Rc6 35.Rf3  1-0

[Event "Pardubice op2"]
[Site "Pardubice"]
[Date "1999.??.??"]
[Round "?"]
[White "Pejko, Otomar"]
[Black "Kutynec, Vladimir"]
[Result "1-0"]
[WhiteElo "2156"]
[BlackElo "2357"]

1.e4 c5 2.c3 Nf6 3.e5 Nd5 4.d4 cxd4 5.Qxd4 e6 6.Nf3 Nc6 7.Qe4 Be7 8.Bd3 d6
9.O-O Nxe5 10.Nxe5 dxe5 11.Rd1 Qc7 12.Bb5+ Kf8 13.Nd2 f5 14.Qe1 e4 15.Nf1 Kf7
16.Ba4 Rd8 17.Bb3 b6 18.g4 g6 19.Qe2 Nf4 20.Bxf4 Qxf4 21.Rxd8 Bxd8 22.gxf5 gxf5
23.Qh5+ Kg7 24.Ne3 Qb8 25.Qg5+ Bxg5 26.Rd1 Be7 27.Ng2 Kf6 28.Nf4 Ke5 29.Nh5 Bd6
30.f4+ exf3 31.Re1+  1-0

[Event "Presov op"]
[Site "Presov"]
[Date "1999.??.??"]
[Round "8"]
[White "Plasgura, Petr"]
[Black "Kopjonkin, Gennady"]
[Result "0-1"]
[WhiteElo "2053"]
[BlackElo "2308"]

1.e4 c5 2.c3 Nf6 3.e5 Nd5 4.d4 cxd4 5.Nf3 Nc6 6.Bc4 Nb6 7.Bb3 d5 8.cxd4 Bg4
9.Be3 e6 10.O-O Be7 11.Nc3 O-O 12.h3 Bh5 13.Qe2 Rc8 14.Na4 Nc4 15.Bxc4 dxc4
16.Rfd1 Nb4 17.Nc5 Qd5 18.a3 Bxc5 19.axb4 Bb6 20.g4 Bg6 21.Ne1 Rfd8 22.h4 h6
23.h5 Bh7 24.Ra3 Rd7 25.f4 Qe4 26.Nf3 a6 27.Qf2 Bd8 28.Rc3 Be7 29.Rdc1 Qd5
30.b3 Rdc7 31.g5 Bxb4 32.Rxc4 Rxc4 33.bxc4 Rxc4 34.Rxc4 Qxc4 35.gxh6 gxh6
36.f5 Bf8 37.f6 Qd3 38.Ne1 Qe4 39.Qg3+ Kh8 40.Ng2 Qb1+ 41.Kh2 Qd1 42.Nf4 Be4
43.Qg1 Qxg1+ 44.Kxg1 b5 45.Kf2 b4 46.Bc1 a5 47.Ke3 Bf5 48.Nd3 a4 49.Nc5 a3
50.Kd2 Bg4 51.Kc2 Bxh5 52.Kb3 Bd1+ 53.Kxb4 a2 54.Bb2  0-1

[Event "CRO-chJ-B"]
[Site "Pula"]
[Date "1999.??.??"]
[Round "?"]
[White "Tomaic, Goran"]
[Black "Paljusaj, Edmond"]
[Result "1/2-1/2"]
[WhiteElo "2041"]
[BlackElo "2224"]

1.e4 c5 2.c3 Nf6 3.e5 Nd5 4.d4 cxd4 5.Nf3 Nc6 6.cxd4 g6 7.Bc4 Nb6 8.Bb3 Bg7
9.O-O d6 10.Bf4 O-O 11.exd6 exd6 12.h3 Bf5 13.Nc3 d5 14.Re1 Nb4 15.Bg5 f6
16.Bh4 Nc4 17.g4 Bc8 18.Qe2 Nb6 19.Qb5 a5 20.a3 Bd7 21.Qf1 a4 22.Bxa4 Nxa4
23.axb4 Nb6 24.Ra5 Bc6  1/2-1/2

[Event "PUR-ch"]
[Site "San Juan"]
[Date "1999.??.??"]
[Round "?"]
[White "Freyre, Jorge"]
[Black "Montalvo, Alejandro"]
[Result "1/2-1/2"]
[WhiteElo "2270"]
[BlackElo "2370"]

1.e4 c5 2.c3 Nf6 3.e5 Nd5 4.Nf3 Nc6 5.d4 cxd4 6.Bc4 e6 7.Bxd5 exd5 8.O-O d6
9.Re1 dxe5 10.Nxe5 Nxe5 11.Rxe5+ Be6 12.Qa4+ Qd7 13.Qxd7+ Kxd7 14.cxd4 Bd6
15.Re2 a6 16.Nd2 Rhc8 17.Nb3 b6 18.Be3 a5 19.a3 a4 20.Nc1 Bf5 21.Rd2 Ra5
22.Ne2 Rb5 23.Rc1 Rxc1+ 24.Nxc1 Ra5 25.Na2 b5 26.Rd1 Bc2 27.Rc1 Bb3 28.Bd2 Ra8
29.Nb4 Bc4 30.Re1 Bc7 31.g3 Bb6 32.Bc3 Kd6 33.Kg2 f6 34.f4 Kd7 35.Kf3 Rc8
36.Kf2 Bb3 37.Re2 Bc4 38.Re1 g6 39.h4 h5 40.Re3 Rg8 41.Re1 Rg7 42.Kf3 Re7
43.Re3 Rxe3+ 44.Kxe3 Ke6 45.Kf3 Bb3 46.Nd3 Bd1+ 47.Ke3 Kf5 48.Nc5 Kg4 49.Nd7 Bd8
50.Kf2 Bc2 51.Bb4 Bf5 52.Nb8 g5 53.hxg5 fxg5 54.Nc6 gxf4 55.Ne5+ Kh3 56.gxf4 Bh4+
57.Kg1 Bg3 58.Bd2 Be4 59.Be3 Be1 60.Kf1 Ba5 61.Kf2 b4 62.axb4 Bxb4 63.Nf7 Bf8
64.Ne5 Bg7 65.Bd2 Kh2 66.Be3 Bf6 67.Nf3+ Kh3 68.Ne5 Bh4+ 69.Kg1 Be1 70.Kf1 Bb4
71.Kf2 h4 72.Bc1 Kh2 73.Ng4+ Kh1 74.Nh6 Bd6 75.Nf7 Be7 76.Ng5 Bf5 77.Be3 Bb4
78.Nf3 h3 79.Bd2 Be7 80.Ng5 a3 81.bxa3 Bxa3 82.Be3 h2 83.Kg3 Bb2 84.Nf3 Bc3
85.Bf2 Bh3 86.Nxh2 Bf5 87.Nf3 Be4 88.Nh4 Bc2 89.f5 Bxf5 90.Nxf5 Bxd4  1/2-1/2

[Event "Santiago op"]
[Site "Santiago"]
[Date "1999.??.??"]
[Round "6"]
[White "Cortes Moyano, Julio"]
[Black "Gacitua, Jose"]
[Result "1-0"]
[WhiteElo "2300"]
[BlackElo "2063"]

1.e4 c5 2.c3 Nf6 3.e5 Nd5 4.d4 cxd4 5.Nf3 Nc6 6.cxd4 d6 7.Be2 dxe5 8.Nxe5 Qc7
9.O-O Nxe5 10.dxe5 Qxe5 11.Bb5+ Bd7 12.Bxd7+ Kxd7 13.Nc3 e6 14.Qa4+ Kd8 15.Nxd5 exd5
16.Bf4 Qe6 17.Rad1 Qc6 18.Qb3 Be7 19.Rxd5+ Ke8 20.Re1 Kf8 21.Rde5 Bf6 22.Qb4+ Kg8
23.Qxb7  1-0

[Event "Santiago op"]
[Site "Santiago"]
[Date "1999.??.??"]
[Round "8"]
[White "Duarte, Marcelo R"]
[Black "Urday, Henry"]
[Result "0-1"]
[WhiteElo "2335"]
[BlackElo "2486"]

1.e4 c5 2.c3 Nf6 3.e5 Nd5 4.d4 cxd4 5.Nf3 e6 6.cxd4 d6 7.Bd3 Nb4 8.Bb5+ Bd7
9.Qe2 Bc6 10.a3 Nd5 11.O-O Nd7 12.Bd3 Be7 13.Bd2 O-O 14.Nc3 dxe5 15.Nxe5 Nxe5
16.dxe5 Nxc3 17.Bxc3 Qd5 18.Qf3 Qxf3 19.gxf3 Bxf3 20.Rfe1 Rfd8 21.Be4 Bxe4
22.Rxe4 Rac8 23.Kg2 Rd3 24.a4 h6 25.a5 a6 26.Raa4 Kf8 27.Rac4 Rdd8 28.Kf3 Ke8
29.Ke2 Rxc4 30.Rxc4 Rd5 31.Rc7 Rb5 32.Rc8+ Bd8 33.f4 Kd7 34.Rb8 Kc7 35.Ra8 Rd5
36.Bb4 g5 37.Bd6+ Kd7 38.fxg5 hxg5 39.Rb8 Rb5 40.b4 Bc7 41.Rf8 Bxd6 42.exd6 f5  0-1

[Event "Paulisto-ch"]
[Site "Sao Caetano"]
[Date "1999.??.??"]
[Round "2"]
[White "Dianda, Joao Carlos"]
[Black "Milos, Gilberto"]
[Result "0-1"]
[WhiteElo "2167"]
[BlackElo "2586"]

1.e4 c5 2.c3 Nf6 3.e5 Nd5 4.g3 Nc6 5.Bg2 Qc7 6.f4 e6 7.Nf3 d6 8.exd6 Bxd6
9.d3 O-O 10.O-O b6 11.Na3 Ba6 12.Nc4 Rad8 13.Qe2 Rfe8 14.Ng5 Nf6 15.Ne4 Nxe4
16.dxe4 Bf8 17.b3 Na5 18.Be3 Rd7 19.Rfe1 Red8 20.Bf1 Nxc4 21.bxc4 Qc6 22.Qc2 Bb7
23.Bc1 g6 24.a4 a5 25.Rb1 Bg7 26.Bg2 Rd3 27.Re3 Rd1+ 28.Kf2 e5 29.Bf3 R1d6
30.Re2 Qd7 31.fxe5 Bxe5 32.Bg5 f6 33.Bf4 Bxf4 34.gxf4 Qh3 35.Rh1 Rd3 36.Bg2 Qh4+  0-1

[Event "Liechtenstein op"]
[Site "Schaan"]
[Date "1999.??.??"]
[Round "3"]
[White "Schmittdiel, Eckhard"]
[Black "Mantovani, Renzo"]
[Result "1-0"]
[WhiteElo "2480"]
[BlackElo "2375"]

1.e4 c5 2.c3 Nf6 3.e5 Nd5 4.d4 cxd4 5.Qxd4 e6 6.Nf3 Nc6 7.Qe4 d6 8.Bb5 dxe5
9.Nxe5 Bd7 10.Nxd7 Qxd7 11.O-O Be7 12.c4 Nf6 13.Qf3 O-O 14.Rd1 Qc7 15.Bf4 e5
16.Bxc6 bxc6 17.Bg5 Rad8 18.Nc3 Rd4 19.b3 Rfd8 20.Be3 Rd3 21.Rxd3 Rxd3 22.Ne4 Qd7
23.Rf1 a6 24.h3 h6 25.g4 Nh7 26.Qe2 Ng5 27.Bxg5 hxg5 28.Ng3 f6 29.Qe4 Bc5
30.Kg2 Rd2 31.Qg6 Rxa2 32.Ne4 Be7 33.Re1 a5 34.Re3 Kh8 35.h4 gxh4 36.Rh3 f5
37.gxf5 Qd4 38.f6 Bxf6 39.Rf3 Qd8 40.Nxf6 gxf6 41.Rf5 h3+ 42.Kh2  1-0

[Event "Liechtenstein op"]
[Site "Schaan"]
[Date "1999.??.??"]
[Round "4"]
[White "Rahls, Peter"]
[Black "Schroeder, Christian"]
[Result "1-0"]
[WhiteElo "2235"]
[BlackElo "1930"]

1.e4 c5 2.c3 Nf6 3.e5 Nd5 4.d4 cxd4 5.cxd4 e6 6.Nc3 Nxc3 7.bxc3 d5 8.f4 Nc6
9.Nf3 Bd7 10.Bd3 Na5 11.O-O Rc8 12.Bd2 Nc4 13.Rb1 Qc7 14.Bc1 Nb6 15.Rb3 Ba4
16.f5 Bxb3 17.axb3 Qxc3 18.fxe6 f6 19.Bb5+ Kd8 20.Bd2 Qb2 21.Kh1 Be7 22.Bd3 Rc6
23.Qe1 Rxe6 24.Qg3 g6 25.exf6 Bxf6 26.Qb8+ Nc8 27.Qxb7 Qa3 28.Bb4 Qb2 29.Qxd5+  1-0

[Event "Staufer-Open 11th"]
[Site "Schwaebisch Gmuend"]
[Date "1999.??.??"]
[Round "3"]
[White "Jonkman, Harmen"]
[Black "Sprenger, Jan"]
[Result "1/2-1/2"]
[WhiteElo "2310"]
[BlackElo "2090"]

1.e4 c5 2.c3 Nf6 3.e5 Nd5 4.Nf3 Nc6 5.Bc4 e6 6.d4 cxd4 7.cxd4 d6 8.O-O dxe5
9.dxe5 Be7 10.Qe2 O-O 11.Rd1 b6 12.Nbd2 Qc7 13.Nb3 Rd8 14.Bd2 Bb7 15.Rac1 Rac8
16.a3 a5 17.Qe4 Qb8 18.Re1 g6 19.Bg5 Bxg5 20.Nxg5 Qxe5 21.Qxe5 Nxe5 22.Rxe5 f6
23.Rxe6 fxg5 24.h3 a4 25.Re5 Rxc4 26.Rxc4 axb3 27.Rxg5 Re8 28.Rg3 Nf6 29.Rb4 Bd5
30.Rxb6 Re1+ 31.Kh2 Kf7 32.Rd3 Re2 33.Rxf6+ Kxf6 34.Rxd5 Rxf2 35.Rd7 Rxb2
36.Rxh7 Ra2 37.Rb7 Rxa3 38.Kg3 Ke5 39.Kg4 Ra2 40.g3 b2 41.Kg5 Kd4 42.Kxg6 Kc3
43.Rc7+ Kd4 44.Rb7 Kc3 45.g4 Ra3 46.Rc7+ Kd3 47.Rb7 Kc3 48.Rxb2 Kxb2 49.h4 Kc3
50.h5 Kd4 51.h6 Ke5 52.h7 Rh3 53.g5 Kf4 54.Kg7 Rxh7+ 55.Kxh7 Kxg5  1/2-1/2

[Event "Sportland-NRW-Cup"]
[Site "Senden"]
[Date "1999.??.??"]
[Round "8"]
[White "Felczer, Kevin"]
[Black "Diedam, Norbert"]
[Result "1-0"]
[WhiteElo "2195"]
[BlackElo "2225"]

1.e4 c5 2.c3 Nf6 3.e5 Nd5 4.d4 Nc6 5.Nf3 cxd4 6.Bc4 Nb6 7.Bb3 d5 8.exd6 Qxd6
9.Nxd4 Nxd4 10.cxd4 Be6 11.O-O Rd8 12.Nc3 Bxb3 13.axb3 a6 14.Qf3 Nd5 15.Ra5 Nxc3
16.bxc3 Qc7 17.Rc5 Qd7 18.Bf4 Rc8 19.Rxc8+ Qxc8 20.d5 Qd7 21.Re1 f6 22.Re6 g5
23.Bd2 Bg7 24.Qh5+ Kf8 25.c4 Kg8 26.Bb4 Bf8 27.h4 gxh4 28.Re4 h6 29.Qg6+  1-0

[Event "Sundsvall op"]
[Site "Sundsvall"]
[Date "1999.??.??"]
[Round "1"]
[White "Hakansson, Fredrik"]
[Black "Ernst, Thomas"]
[Result "0-1"]
[WhiteElo "1695"]
[BlackElo "2500"]

1.e4 c5 2.c3 Nf6 3.e5 Nd5 4.Nf3 Nc6 5.Na3 g6 6.Bc4 Nb6 7.Qb3 Nxc4 8.Qxc4 d6
9.exd6 exd6 10.O-O Be6 11.Re1 Be7 12.Qf1 O-O 13.d3 Re8 14.h3 Bd5 15.Ng5 Ne5
16.f4 Nd7 17.Nc2 Nf6 18.Ne3 Bc6 19.f5 Bf8 20.Bd2 Bg7 21.Qf2 Qd7 22.fxg6 fxg6
23.Nc4 b6 24.Bf4 Rf8 25.Qd2 b5 26.Nxd6 Nh5 27.Ne6 Nxf4 28.Nxf8 Rxf8 29.Ne4 Nxd3
30.Re2 Nf4 31.Qxd7  0-1

[Event "SVK-chT1E 9899"]
[Site "SVK"]
[Date "1999.??.??"]
[Round "6"]
[White "Buchnicek, Petr"]
[Black "Singliar, Anton"]
[Result "1-0"]
[WhiteElo "2245"]
[BlackElo "2205"]

1.e4 c5 2.c3 Nf6 3.e5 Nd5 4.d4 cxd4 5.cxd4 Nc6 6.Nf3 d6 7.Bc4 dxe5 8.Bxd5 Qxd5
9.Nc3 Qd6 10.d5 Nd4 11.Nxd4 exd4 12.Qxd4 e5 13.Qd3 Bd7 14.O-O f5 15.Re1 O-O-O
16.Qc4+ Qc5 17.Qxc5+ Bxc5 18.Rxe5 Bd4 19.Re2 Rde8 20.Be3 Bxe3 21.Rxe3 Rxe3
22.fxe3 Re8 23.Kf2 g5 24.h4 h6 25.Rh1 Kc7 26.hxg5 hxg5 27.Rh6 a5 28.Rg6 b5
29.Rxg5 b4 30.Ne2 Kd6 31.Nd4 Re5 32.Ke2 Kxd5 33.Kd3 Bc8 34.Nxf5 Ba6+ 35.Kd2 Kc5
36.Ng3 Rxg5 37.Ne4+ Kd5 38.Nxg5 Bf1 39.Nh3 Ke4 40.Nf2+ Ke5 41.g3  1-0

[Event "SVK-chT 9899"]
[Site "SVK"]
[Date "1999.??.??"]
[Round "7"]
[White "Hudoba, Ondrej"]
[Black "Hanko, Pavel"]
[Result "1-0"]
[WhiteElo "2245"]
[BlackElo "2210"]

1.e4 c5 2.c3 Nf6 3.e5 Nd5 4.d4 cxd4 5.Nf3 Nc6 6.Bc4 e6 7.O-O d6 8.cxd4 Be7
9.Re1 O-O 10.Nc3 dxe5 11.Nxe5 Nxe5 12.Rxe5 Bf6 13.Re4 b6 14.Bd3 Bb7 15.Qh5 g6
16.Rg4 Bg7 17.Qh3 Nxc3 18.bxc3 Qc7 19.Bd2 Rfd8 20.Rh4 h5 21.Re1 Bf6 22.Rf4 Bg5
23.Rxf7 Qxf7 24.Bxg5 Re8 25.Qg3 Rac8 26.Bd2 Kg7 27.Qg5 Rh8 28.Bf4 Rcf8 29.Be5+ Kg8
30.f4 Qh7 31.Bxg6 Qh6 32.Qg3 h4 33.Qg4 Bd5 34.Be4+ Kf7 35.Bxh8 Bxe4 36.Rxe4 Rxh8
37.d5 Re8 38.Rxe6 Rxe6 39.Qxe6+ Qxe6 40.dxe6+ Kxe6 41.Kf2  1-0

[Event "SVK-chT1E 9899"]
[Site "SVK"]
[Date "1999.??.??"]
[Round "11"]
[White "Zambor, Norbert"]
[Black "Lisko, Frantisek"]
[Result "0-1"]
[WhiteElo "2235"]
[BlackElo "2315"]

1.e4 c5 2.c3 Nf6 3.e5 Nd5 4.d4 cxd4 5.cxd4 d6 6.Nf3 Nd7 7.e6 fxe6 8.Ng5 N7f6
9.Bd3 g6 10.O-O Bg7 11.Bb5+ Kf8 12.Re1 h6 13.Nxe6+ Bxe6 14.Rxe6 Nc7 15.Bd3 Nxe6
16.Bxg6  0-1

[Event "SVK-chT 9899"]
[Site "SVK"]
[Date "1999.??.??"]
[Round "11"]
[White "Pejko, Otomar"]
[Black "Rakay, Kvetoslav"]
[Result "1/2-1/2"]
[WhiteElo "2185"]
[BlackElo "2170"]

1.e4 c5 2.c3 Nf6 3.e5 Nd5 4.d4 cxd4 5.Qxd4 e6 6.Nf3 Nc6 7.Qe4 f5 8.Qe2 Bc5
9.g3 O-O 10.Bg2 a6 11.a4 Nde7 12.O-O Ng6 13.Nbd2 d5 14.exd6 Qxd6 15.b4 Ba7
16.Nc4 Qc7 17.b5 axb5 18.axb5 Bxf2+ 19.Qxf2 Rxa1 20.bxc6 bxc6 21.Ba3 Rxf1+
22.Bxf1 Rd8 23.Qb6 Qxb6+ 24.Nxb6 h6 25.Bc4 Kf7 26.Nxc8 Rxc8 27.Nd4 Kf6 28.Bxe6 Rd8
29.Bb3 Ne5 30.Kg2 Ra8 31.Bd6 Ra6 32.Nf3 Nd7 33.Nd2 Rb6 34.Bc7 Rb7 35.Bd8+ Kg6
36.Be7 Ne5 37.Bc5 Nd3 38.Be3 Ne5 39.Bd4 Nd7 40.Be3 Ne5 41.Bd4 Nd7 42.c4 c5
43.Bc3 Ra7 44.Kf3 Kf7 45.Kf4 g6 46.h4 Ke6 47.Bg7 h5 48.Nf3 Kf7 49.Be5 Ra6
50.Bd1 Ke7 51.Bh8 Nf6 52.Ne5 Ne4 53.Bf3 Nf2 54.Bg2 Ne4 55.Bxe4 fxe4 56.Kxe4 Rd6
57.Nd3 Re6+ 58.Be5 Rc6 59.Kd5 Rc8 60.Bd6+ Kf6  1/2-1/2

[Event "SWZ-chT"]
[Site "SWZ"]
[Date "1999.??.??"]
[Round "1"]
[White "Good, Daniel"]
[Black "Geiser, Laurent"]
[Result "1/2-1/2"]
[WhiteElo "2215"]
[BlackElo "2162"]

1.e4 c5 2.c3 Nf6 3.e5 Nd5 4.d4 cxd4 5.Nf3 Nc6 6.cxd4 d6 7.Bc4 Nb6 8.Bb5 dxe5
9.Nxe5 Bd7 10.Bxc6 Bxc6 11.Nxc6 bxc6 12.O-O e6 13.Nc3 Be7 14.Qf3 Nd5 15.Nxd5 Qxd5
16.Qc3 O-O 17.Be3 Rab8 18.Rfc1 Rbc8 19.Qc4 Bf6 20.Rc2 Rfd8 21.Qxd5 Rxd5 22.Rac1 Bxd4
23.Rxc6 Rcd8  1/2-1/2

[Event "SWZ-chT"]
[Site "SWZ"]
[Date "1999.??.??"]
[Round "1"]
[White "Schild, Christophe"]
[Black "Umbach, Andreas"]
[Result "1/2-1/2"]
[WhiteElo "2140"]
[BlackElo "2170"]

1.e4 c5 2.c3 Nf6 3.e5 Nd5 4.d4 cxd4 5.Nf3 e6 6.cxd4 b6 7.Bd2 Be7 8.Nc3 Nxc3
9.Bxc3 Bb7 10.Bd3 O-O 11.O-O d6 12.Qe2 Nd7 13.Rfd1 Rc8 14.Rac1 a5 15.a3 Bd5
16.Bd2 Rxc1 17.Rxc1 dxe5 18.Nxe5 Bf6 19.Bb5 Nxe5 20.dxe5 Be7 21.Qg4 Kh8 22.Rc3 Be4
23.Be3 Bf5 24.Qa4 h5 25.Bd7 Qb8 26.Qb5 Rd8 27.f4 Qa7 28.Bc6 Rd1+ 29.Kf2 Bc5
30.Bxc5 bxc5 31.Qxc5 Rd2+ 32.Ke1 Qxc5 33.Rxc5 Rxb2 34.Rxa5 Ra2 35.a4 Bc2
36.Ra8+ Kh7 37.Ra7 Kg6 38.Be8 Bb3 39.Bxf7+ Kh6 40.Be8 Rxg2 41.h3 Rh2 42.a5 Rxh3
43.Re7 Bd5 44.a6 Ra3 45.a7 h4 46.Bf7 h3 47.Bxe6 Bxe6 48.Rxe6+ Kh5 49.Kf2 Kh4
50.Re7 h2 51.Rxg7 h1=Q 52.Rh7+ Kg4 53.Rxh1 Kxf4 54.Rh3 Rxa7  1/2-1/2

[Event "SWZ-chT"]
[Site "SWZ"]
[Date "1999.??.??"]
[Round "4"]
[White "Schild, Christophe"]
[Black "Adler, Joel"]
[Result "0-1"]
[WhiteElo "2140"]
[BlackElo "2256"]

1.e4 c5 2.c3 Nf6 3.e5 Nd5 4.d4 cxd4 5.Nf3 Nc6 6.cxd4 d6 7.Bc4 Nb6 8.Bb5 dxe5
9.Nxe5 Bd7 10.Nxd7 Qxd7 11.Be3 e6 12.O-O Be7 13.Nc3 O-O 14.Qg4 Rfd8 15.Rad1 Nd5
16.Bg5 Bxg5 17.Qxg5 h6 18.Qh4 a6 19.Bc4 Qe7 20.Qh5 Nb6 21.Bd3 Nxd4 22.Qe5 Nc6
23.Qe4 f5 24.Qe3 Nd5 25.Nxd5 Rxd5 26.Bc4 Re5 27.Qb6 Kh8 28.a3 Rc5 29.Ba2 e5
30.b4 Rc3 31.Bd5 Rc8 32.a4 Qxb4 33.Qxb4 Nxb4 34.Bxb7 R8c7 35.Bf3 Ra3 36.Bh5 g5
37.Rd6 Rc6 38.Rd7 Rac3 39.Rfd1 Rc7 40.g3 Rxd7 41.Rxd7 Rc6 42.Re7 Nd3 43.Re8+ Kg7
44.Re7+ Kf6 45.Rf7+ Ke6 46.Rh7 Rc1+ 47.Kg2 g4 48.Rxh6+ Kd5 49.Be8 Ne1+ 50.Kf1 Nf3+
51.Ke2 Ke4 52.Rd6 Re1+  0-1

[Event "SWZ-chT"]
[Site "SWZ"]
[Date "1999.??.??"]
[Round "4"]
[White "Vogt, Lothar"]
[Black "Cvitan, Ognjen"]
[Result "1/2-1/2"]
[WhiteElo "2466"]
[BlackElo "2521"]

1.e4 c5 2.c3 Nf6 3.e5 Nd5 4.Nf3 d6 5.exd6 Qxd6 6.d4 cxd4 7.Nxd4 a6 8.Nd2 g6
9.Nc4 Qd8 10.a4 Bg7 11.g3 Qc7 12.Qe2 Nc6 13.Nxc6 bxc6 14.Bg2 a5 15.Ne3 Ba6
16.Qc2 O-O 17.Bf1 Bxf1 18.Kxf1 e5 19.Kg2 f5 20.Rd1 Qf7 21.f4 exf4 22.Nxd5 f3+
23.Kxf3 cxd5 24.Be3 f4 25.gxf4 Qe6 26.Qg2 d4 27.cxd4 Rae8 28.Re1 Bxd4 29.Bxd4 Qd5+
30.Kg3 Qxd4 31.Qf3 Rb8 32.b3 Rb4 33.Rf1 Qd6 34.Rad1 Qe6 35.Rd3 Rbxf4 36.Qxf4 Rxf4
37.Rxf4 Qe1+ 38.Rf2 Qe5+  1/2-1/2

[Event "SWZ-chT"]
[Site "SWZ"]
[Date "1999.??.??"]
[Round "8"]
[White "Geiser, Laurent"]
[Black "Weindl, Alfred"]
[Result "1/2-1/2"]
[WhiteElo "2162"]
[BlackElo "2342"]

1.e4 c5 2.c3 Nf6 3.e5 Nd5 4.Nf3 Nc6 5.Bc4 Nb6 6.Bb3 d5 7.exd6 Qxd6 8.O-O c4
9.Bc2 Bg4 10.Qe2 O-O-O 11.Na3 Qf6 12.Nxc4 Nxc4 13.Qxc4 Bxf3 14.gxf3 Qxf3
15.Be4 Qg4+ 16.Kh1 e5 17.f4 Qe6 18.Qxe6+ fxe6 19.Bxc6 bxc6 20.fxe5 Rd3 21.a4 a5
22.Rf7 Bc5 23.b4 axb4 24.cxb4 Bxb4 25.Rxg7 Rf8 26.a5 Bc5 27.Bb2 Rxd2 28.Ba3 Bxa3
29.Rxa3 Rf1+ 30.Rg1 Rdd1 31.Rxf1 Rxf1+ 32.Kg2 Rf5 33.a6 Kb8 34.a7+ Ka8 35.Ra6 Rg5+
36.Kf3 Rxe5 37.Rxc6 Rh5 38.Rxe6 Rxh2 39.Re7 Ra2  1/2-1/2

[Event "SWZ-chT"]
[Site "SWZ"]
[Date "1999.??.??"]
[Round "8"]
[White "Wyss, Thomas"]
[Black "Adler, Joel"]
[Result "0-1"]
[WhiteElo "2184"]
[BlackElo "2256"]

1.e4 c5 2.c3 Nf6 3.e5 Nd5 4.d4 cxd4 5.Nf3 d6 6.Bc4 e6 7.cxd4 Nc6 8.a3 Be7
9.O-O O-O 10.Qe2 Bd7 11.exd6 Bxd6 12.Nc3 Nf4 13.Bxf4 Bxf4 14.Rad1 Qb8 15.h4 Rd8
16.g3 Bd6 17.Ne4 Bf8 18.Nc5 Nxd4 19.Rxd4 Bxc5 20.Rg4 Be8 21.Ng5 Kh8 22.Qd2 g6
23.Qc3+ e5 24.Bxf7 Bd4 25.Qf3 e4 26.Qxe4 Bc6 27.Qc2 Qd6 28.Bb3 Rf8 29.Rd1 Rae8
30.Nf7+ Rxf7 31.Bxf7 Re4 32.Rxe4 Qxg3+ 33.Kf1 Qh3+ 34.Ke1 Bf6 35.Re2 Qxh4
36.Kd2 Bg5+ 37.Kc3 Qh3+ 38.Rd3 Qc8 39.Bc4 b5  0-1

[Event "SWZ-chT"]
[Site "SWZ"]
[Date "1999.??.??"]
[Round "9"]
[White "Schild, Christophe"]
[Black "Bellini, Fabio"]
[Result "1/2-1/2"]
[WhiteElo "2140"]
[BlackElo "2418"]

1.e4 c5 2.c3 Nf6 3.e5 Nd5 4.d4 cxd4 5.Nf3 e6 6.cxd4 d6 7.a3 Bd7 8.Bd3 Bc6
9.O-O Nd7 10.Re1 Rc8 11.Nbd2 dxe5 12.dxe5 Nc5 13.Bc2 Nf4 14.Nb3 Qxd1 15.Rxd1 Ne2+
16.Kf1 Ba4 17.Nxc5 Bxc2 18.Rd2 Nxc1 19.Rxc1 Ba4 20.Nd3 Rxc1+ 21.Nxc1 Be7
22.Ne2 O-O 23.Nc3 Be8 24.Nd4 Bg5 25.Rc2 Bf4 26.Re2 Bd7 27.g3 Bg5 28.Ne4 Be7
29.Rc2 Rc8 30.Rxc8+ Bxc8 31.Nb5 Bd7 32.Nxa7 f6 33.f4 fxe5 34.fxe5 Kf7 35.Ke2 Kg6
36.g4 Bd8 37.Nc5 Bb6 38.Nxd7 Bxa7 39.b4 b6 40.a4 Kf7 41.a5 bxa5 42.bxa5 Ke7
43.Nb6 Bxb6 44.axb6 Kd7 45.Kd3 Kc6 46.Kd4 Kxb6 47.Kc4 g5 48.Kb4  1/2-1/2